Space satellite : (Record no. 126965)

MARC details
000 -LEADER
fixed length control field 00785nam a22002537a 4500
005 - DATE AND TIME OF LATEST TRANSACTION
control field 20170124110017.0
010 ## - LIBRARY OF CONGRESS CONTROL NUMBER
LC control number 201050
020 ## - INTERNATIONAL STANDARD BOOK NUMBER
Terms of availability 00.00
035 ## - SYSTEM CONTROL NUMBER
System control number 201050
037 ## - SOURCE OF ACQUISITION
Source of stock number/acquisition Cen Lib/Ret
040 ## - CATALOGING SOURCE
Original cataloging agency DPL
Language of cataloging EN
082 ## - DEWEY DECIMAL CLASSIFICATION NUMBER
Classification number 629.14353
Item number BEE
100 ## - MAIN ENTRY--PERSONAL NAME
Personal name Beeland, Lee
9 (RLIN) 19002
245 ## - TITLE STATEMENT
Title Space satellite :
Statement of responsibility, etc by Lee Beeland [and] Robert wells;illustrated by Jack Coggins
Remainder of title the story of the mam made moon /
260 ## - PUBLICATION, DISTRIBUTION, ETC. (IMPRINT)
Place of publication, distribution, etc New Jersey
Name of publisher, distributor, etc Prentice Hall
Date of publication, distribution, etc 1957
270 ## - ADDRESS
Address New Jersey
City New Jersey
300 ## - PHYSICAL DESCRIPTION
Extent 78p. :
Dimensions 22cm(Hb)
Other physical details ill.
500 ## - GENERAL NOTE
General note Includes index
650 ## - SUBJECT ADDED ENTRY--TOPICAL TERM
Topical term or geographic name as entry element Artificial satellites
9 (RLIN) 19003
650 ## - SUBJECT ADDED ENTRY--TOPICAL TERM
Topical term or geographic name as entry element Project Vanguard
9 (RLIN) 19004
700 ## - ADDED ENTRY--PERSONAL NAME
Personal name Wells, Robert
9 (RLIN) 18983
700 ## - ADDED ENTRY--PERSONAL NAME
Personal name Coggins, Jack
9 (RLIN) 19005
942 ## - ADDED ENTRY ELEMENTS (KOHA)
Source of classification or shelving scheme Dewey Decimal Classification
Koha item type English Books
Classification part 629.14353
Call number suffix BEE
Holdings
Withdrawn status Lost status Damaged status Not for loan Home library Current library Date acquired Source of acquisition Cost, normal purchase price Total Checkouts Full call number Barcode Date last seen Copy number Cost, replacement price Price effective from Koha item type Public note
Written off       Central Library Central Library 27/06/2015 Cen Lib/Ret 0.00   629.14353 BEE 201050 27/06/2015 1 0.00 27/06/2015 English Books W/d List No. 6878/1 ; dtd 27/08/2022

© Delhi Public Library
Hit Counter
free hit counter